[Event "Open d'Aubagne 2018-2019"]
[Site "Aubagne"]
[Date "2019.03.02"]
[Round "8.30"]
[White "Deroual, Alexandre"]
[Black "Dektiannikov, Artiom"]
[Result "1/2-1/2"]
[WhiteElo "1058"]
[BlackElo "1133"]
[PlyCount "133"]
[EventDate "2018.??.??"]
[WhiteTeam "La Ciotat Echecs (LCE)"]
[BlackTeam "Cassis Echecs"]

1. f4 d5 2. d4 Nc6 3. Nf3 e6 4. e3 Nf6 5. Be2 Bd6 6. a3 Bd7 7. Nc3 Ne4 8. Nxe4
dxe4 9. Nd2 f5 10. Nb1 g5 11. Bh5+ Kf8 12. g3 g4 13. h3 Be8 14. hxg4 Bxh5 15.
Rxh5 Qf6 16. d5 Ne7 17. dxe6 Qxe6 18. gxf5 Nxf5 19. Qg4 Nd4 20. Qxe6 Nxe6 21.
Nc3 Nc5 22. Bd2 Re8 23. Nb5 a6 24. Nxd6 cxd6 25. Bc3 Rg8 26. Rxh7 Rxg3 27.
O-O-O Rxe3 28. Rxd6 Kg8 29. Rg7+ Kf8 30. Rh6 Rxc3 31. Rhh7 Rh3 32. Rf7+ Kg8 33.
Rhg7+ Kh8 34. f5 e3 35. Rg1 Rg8 36. Re1 Rg7 37. Rf8+ Rg8 38. Rf7 Ne4 39. Re7
Rg4 40. f6 Kg8 41. Rf1 Nf2 42. Re1 Re4 43. Rxb7 e2 44. Kd2 Rh1 45. Rxe2 Rxe2+
46. Kxe2 Ng4 47. Ra7 Rh2+ 48. Kd3 Ne5+ 49. Kc3 Rh3+ 50. Kd2 Nc4+ 51. Ke2 Nxb2
52. Rxa6 Kf7 53. Rb6 Nc4 54. Rb3 Rh2+ 55. Kd3 Ne5+ 56. Kd4 Nc6+ 57. Kc5 Rxc2+
58. Kd6 Kxf6 59. Rf3+ Kg5 60. a4 Kg4 61. Ra3 Na5 62. Kd5 Nc4 63. Ra1 Kf3 64. a5
Rc3 65. Rh1 Kg2 66. Ra1 Nxa5 67. Rxa5 1/2-1/2

[Event "Open d'Aubagne 2018-2019"]
[Site "Aubagne"]
[Date "2019.03.02"]
[Round "8.34"]
[White "Garbe, Georges"]
[Black "Couillaud, Gabriel"]
[Result "1-0"]
[WhiteElo "1203"]
[BlackElo "1144"]
[PlyCount "93"]
[EventDate "2018.??.??"]
[WhiteTeam "Cercle d'Echecs Aubagnais"]
[BlackTeam "L'Echiquier du Roy René"]

1. f4 d5 2. Nf3 Nc6 3. b3 Nf6 4. h3 Bf5 5. Bb2 e6 6. e3 Ne4 7. Nc3 Bd6 8. Be2
Ng3 9. Rg1 Nb4 10. Nd4 Bc5 11. Nxf5 exf5 12. a3 Qh4 13. Bf1 Nh1+ 14. g3 Nxg3
15. Qf3 Ne4+ 16. Ke2 Nxc2 17. Rc1 Nxa3 18. Nxe4 fxe4 19. Qg3 Qxg3 20. Rxg3 Bd6
21. Rxg7 O-O-O 22. Rxf7 Nb5 23. Bxh8 Rxh8 24. Rf5 d4 25. Rxb5 Rg8 26. exd4 Bxf4
27. Ra1 a6 28. Rf5 Bh6 29. Re5 Bg7 30. Rxe4 c5 31. Rc1 c4 32. Rxc4+ Kd8 33. Rg4
Re8+ 34. Kd1 Re7 35. d5 Rf7 36. Rcf4 Re7 37. Re4 Rf7 38. Ke2 b5 39. Ke1 Rb7 40.
d6 Rf7 41. Re7 Rf5 42. Rgxg7 Rf8 43. Rxh7 Rg8 44. Ra7 Re8+ 45. Be2 Rxe2+ 46.
Kxe2 Kc8 47. Rh8# 1-0

[Event "Open d'Aubagne 2018-2019"]
[Site "Aubagne"]
[Date "2019.03.02"]
[Round "8.35"]
[White "Lopez, Marcel"]
[Black "Rescanieres, Alice"]
[Result "0-1"]
[WhiteElo "1399"]
[BlackElo "1020"]
[PlyCount "80"]
[EventDate "2018.??.??"]
[WhiteTeam "Cassis Echecs"]
[BlackTeam "La Ciotat Echecs (LCE)"]

1. e4 c5 2. d3 Nf6 3. Ne2 Nc6 4. g3 e6 5. Bg2 Be7 6. c3 O-O 7. O-O d5 8. Nd2 d4
9. c4 b6 10. Qa4 Bb7 11. Nf3 Nb4 12. Qd1 a6 13. a3 Nc6 14. Nf4 e5 15. Ne2 b5
16. Nd2 bxc4 17. Nxc4 Na5 18. Nxa5 Qxa5 19. Bd2 Qb5 20. Qc1 Qxd3 21. Qd1 Nxe4
22. Ba5 Qb5 23. Qc2 Qxa5 24. Bxe4 Bxe4 25. Qxe4 Qb5 26. Qc2 d3 27. a4 Qd7 28.
Qd1 Qd6 29. Nc3 Rab8 30. Ra2 c4 31. Ne4 Qg6 32. Re1 Bh4 33. Re3 Bg5 34. Nxg5
Qxg5 35. Re4 Rb6 36. Rxc4 Rh6 37. Rg4 Qh5 38. h4 e4 39. b3 Rc8 40. Rg5 Qxd1+
0-1

[Event "Open d'Aubagne 2018-2019"]
[Site "Aubagne"]
[Date "2019.03.02"]
[Round "8.36"]
[White "Pegon, Claude"]
[Black "Roganova, Maxime"]
[Result "1-0"]
[WhiteElo "1076"]
[BlackElo "1009"]
[PlyCount "103"]
[EventDate "2018.??.??"]
[WhiteTeam "Cassis Echecs"]
[BlackTeam "Cercle d'Echecs Aubagnais"]

1. c4 e5 2. Nc3 Nf6 3. d3 d5 4. Nf3 Nc6 5. g3 Bb4 6. Bg2 d4 7. a3 Ba5 8. b4
Nxb4 9. Qa4+ Nc6 10. Nxe5 Bxc3+ 11. Bd2 Bxa1 12. Nxc6 bxc6 13. Qxc6+ Bd7 14.
Qxa8 Qxa8 15. Bxa8 O-O 16. Bf3 Rb8 17. O-O Bb2 18. Rb1 Be6 19. Bc1 Re8 20. Rxb2
Bg4 21. Bxg4 Nxg4 22. h3 Ne5 23. Rb7 g6 24. Rxa7 Nxc4 25. dxc4 Rxe2 26. Kg2 Rc2
27. Bf4 Rxc4 28. Rxc7 Ra4 29. Be5 f5 30. h4 Rxa3 31. Bxd4 Ra4 32. Be5 Re4 33.
Bf4 Re8 34. Rb7 Kh8 35. Rb8 Rxb8 36. Bxb8 Kg7 37. f4 Kh6 38. Be5 Kh5 39. Bf6
Kg4 40. Kh2 Kh5 41. Kh3 Kh6 42. g4 fxg4+ 43. Kxg4 g5 44. Bxg5+ Kg6 45. f5+ Kg7
46. f6+ Kg6 47. h5+ Kf7 48. Kf5 h6 49. Bxh6 Kg8 50. Kg6 Kh8 51. Bg7+ Kg8 52.
f7# 1-0

[Event "Open d'Aubagne 2018-2019"]
[Site "Aubagne"]
[Date "2019.03.02"]
[Round "8.37"]
[White "Burnel, Marie-France"]
[Black "Timoner, Genevieve"]
[Result "0-1"]
[WhiteElo "1021"]
[BlackElo "1009"]
[PlyCount "68"]
[EventDate "2018.??.??"]
[WhiteTeam "Cercle d'Echecs Aubagnais"]
[BlackTeam "Club d'Echecs Pennois (CEP)"]

1. e4 c5 2. Nf3 Nc6 3. e5 e6 4. Nc3 g6 5. b3 Bg7 6. Qe2 Nge7 7. Bb2 O-O 8. g3
a6 9. Bg2 f6 10. O-O fxe5 11. Na4 d6 12. Rab1 b5 13. Nc3 Rb8 14. Nh4 Nd4 15.
Qd1 Bb7 16. Bxb7 Rxb7 17. Ne2 Nxe2+ 18. Qxe2 Nc6 19. Qg4 Qe8 20. Qe4 Rf6 21. a4
Rbf7 22. f4 Nd4 23. c3 Nxb3 24. fxe5 Nxd2 25. Qd3 Rxf1+ 26. Rxf1 Rxf1+ 27. Kg2
Qc6+ 28. Kh3 Bxe5 29. Qxd2 Qe4 30. c4 Bxg3 31. hxg3 Rh1+ 32. Qh2 Rxh2+ 33. Kxh2
Qe2+ 34. Kh3 Qxb2 0-1